Títeres en terapia : (Record no. 211657)
[ view plain ]
| 000 -CABECERA | |
|---|---|
| campo de control de longitud fija | 01021cam a22002897a 4500 |
| 003 - IDENTIFICADOR DEL NÚMERO DE CONTROL | |
| campo de control | MX-MxUPN |
| 005 - FECHA Y HORA DE LA ÚLTIMA TRANSACCIÓN | |
| campo de control | 20240906102108.0 |
| 008 - ELEMENTOS DE LONGITUD FIJA--INFORMACIÓN GENERAL | |
| campo de control de longitud fija | 240827s2021 ag|o|||fr|||| 000 0 spa d |
| 020 ## - NÚMERO INTERNACIONAL NORMALIZADO PARA LIBROS | |
| Número Internacional Estándar del Libro | 9789875388123 |
| 040 ## - FUENTE DE LA CATALOGACIÓN | |
| Centro catalogador/agencia de origen | MX-MxUPN |
| Lengua de catalogación | spa |
| 041 0# - CÓDIGO DE IDIOMA | |
| Código de lengua del texto/banda sonora o título independiente | spa |
| 050 #4 - SIGNATURA TOPOGRÁFICA DE LA BIBLIOTECA DEL CONGRESO | |
| Número de clasificación | RC489 P86 |
| Número de documento/Ítem | S26 2021 |
| 100 1# - ASIENTO PRINCIPAL--NOMBRE PERSONAL | |
| 9 (RLIN) | 35090 |
| Nombre de persona | Santa Cruz, Elena |
| 100 1# - ASIENTO PRINCIPAL--NOMBRE PERSONAL | |
| 9 (RLIN) | 53431 |
| Nombre de persona | Rocha, Marcelo |
| 245 10 - MENCIÓN DE TÍTULO | |
| Título | Títeres en terapia : |
| Resto del título | una experiencia sensible y única sobre el cuidado de las infancias |
| 250 ## - MENCIÓN DE EDICIÓN | |
| Mención de edición | 1a Edición |
| 260 ## - PUBLICACIÓN, DISTRIBUCIÓN, ETC. | |
| Lugar de publicación, distribución, etc. | Buenos Aires, Argentina . |
| Nombre del editor, distribuidor, etc. | Noveduc, |
| Fecha de publicación, distribución, etc. | 2021 |
| 300 ## - DESCRIPCIÓN FÍSICA | |
| Extensión | 90 páginas : |
| Otras características físicas | fotografías a color |
| 650 #4 - ASIENTO SECUNDARIO DE MATERIA - TERMINO TEMATICO | |
| Término de materia o nombre geográfico como elemento de entrada | Títeres y teatro de títeres |
| Subdivisión general | Uso terapéutico |
| 9 (RLIN) | 13788 |
| 650 #4 - ASIENTO SECUNDARIO DE MATERIA - TERMINO TEMATICO | |
| 9 (RLIN) | 16925 |
| Término de materia o nombre geográfico como elemento de entrada | Psicoanálisis infantil |
| 700 1# - ASIENTO SECUNDARIO--NOMBRE DE PERSONAL | |
| 9 (RLIN) | 53422 |
| Nombre de persona | Skliar, Carlos |
| Término indicativo de función/relación | colaboración |
| 700 1# - ASIENTO SECUNDARIO--NOMBRE DE PERSONAL | |
| 9 (RLIN) | 32084 |
| Nombre de persona | Levin, Esteban |
| Término indicativo de función/relación | colaboración |
| 700 1# - ASIENTO SECUNDARIO--NOMBRE DE PERSONAL | |
| 9 (RLIN) | 30442 |
| Nombre de persona | Harf, Ruth |
| Término indicativo de función/relación | colaboración |
| 902 ## - ELEMENTOS DE DATOS B LOCAL, LDB (RLIN) | |
| Creó | GCH270824 |
| Modificó | VíctorGodínez/050924 |
| 942 ## - ELEMENTOS DE PUNTO DE ACCESO ADICIONAL (KOHA) | |
| Fuente del sistema de clasificación o colocación | Library of Congress Classification |
| Tipo de ítem Koha | Libro |
| Estado de retiro | Estado de pérdida | Fuente del sistema de clasificación o colocación | Estado dañado | No para préstamo | Código de colección | Localización permanente | Ubicación/localización actual | Ubicación en estantería | Fecha de adquisición | Clasificación | Código de barras | Fecha visto por última vez | Precio válido a partir de | Tipo de ítem Koha | Número de copia |
|---|---|---|---|---|---|---|---|---|---|---|---|---|---|---|---|
| Library of Congress Classification | Colección General | Bib. Gregorio Torres Quintero | Bib. Gregorio Torres Quintero | Procesos técnicos | 27/08/2024 | RC489 P86 S26 2021 | 339780 | 27/08/2024 | 27/08/2024 | Libro | |||||
| Library of Congress Classification | Colección General | Bib. Gregorio Torres Quintero | Bib. Gregorio Torres Quintero | Procesos técnicos | 27/08/2024 | RC489 P86 S26 2021 | 339781 | 27/08/2024 | 27/08/2024 | Libro | Ej.2 | ||||
| Library of Congress Classification | Colección General | Bib. Gregorio Torres Quintero | Bib. Gregorio Torres Quintero | Procesos técnicos | 27/08/2024 | RC489 P86 S26 2021 | 339782 | 27/08/2024 | 27/08/2024 | Libro | Ej.3 |
